01039nam a2200181 a 450000100060000000300090000600800410001502000150005604000280007108200200009910000850011924500440020426000380024830000110028650000190029750505030031665000380081915108CO-ViMGA141112s2004 ck r 000 u spa d a9589498108 aCO-ViMGAbspacCO-ViMGA a500.1 M177c - 71 aMendieta Sanabria, Jeemmy; Pedrozo Perez, Julio Armando; Arbeláez Gomez, Nydia10aCiencias : bExploremos la naturaleza 7 aBogotá, cPrentice Hall, c1996 a286.p. aContiene CD.  aCiencias Naturales 7 Planeta Tierra - Movimientos. Cultivos hidroponicos. Ciclos biológicos. Ritmos diarios. Ritmos lunares. Ritmos anuales. Recursos Naturales en Colombia. Division celular indirecta - mitosis Celula - animal - vegetal Estructura y propiedades de la materia Factores abioticos - bioticos Ciclos biologicos Recursos naturales - Colombia Contaminación ambiental - enfermedades Mitosis vegetal - amitosis Tejidos animales - Histologia animal Tejidos vegetales - histologia vegetal14aCIENCIAS - ENSEÑANZA SECUNDARIA